000
00284nam a22001217a 4500
999
_c
522832
_d
522832
003
NUST
038
_a
Tanveer
082
_a
891.4393
_b
ALM
245
_a
Hajjaj bin Yousaf /
_c
Ilyas M.A
260
_a
Lahore
_b
Elam o Irfan Publishers
_c
2005.
300
_a
224p.
_c
25 cm.
942
_2
ddc
_c
BK